000 00992nam a22001937a 4500
999 _c64067
_d64067
003 Ge_BSU
005 20260320134017.0
008 260320s1958 ge ||||| |||| 00| 0 geo d
041 _ageo
080 _a338.45(47+57) ბ-37
100 _aბაჯაძე, ი.
_927170
245 _aსსრ კავშირის ინდუსტრიისა და სოფლის მეურნეობის ურთიერთობა /
_cი. ბაჯაძე; საქ. სსრ მეცნ. აკად., ეკონომიკის ინ-ტი.
264 _aთბ. :
_b საქ. სსრ მეცნ. აკად. გამ-ბა,
_c1958.
300 _a530 გვ. ;
_b22 სმ.
520 _aრეზ. რუს. ენაზე: გვ. 490-527.
653 _aსსრ კავშირის მრეწველობა
653 _aსოფლის მეურნეობა სსრ კავშირში
942 _2udc
_cᲬᲘᲒᲜᲘ